000 01519nam a2200241Ia 4500
003 Ost
005 20260507074935.0
008 260507s9999||||xx |||||||||||||| ||und||
020 _a9957181475
040 _cfsecg
041 _aara
082 _a657.46
100 _aالفريجات، ياسر صالح
_eمؤلف
245 0 _aالمحاسبة الضريبية على الرواتب والاجور :
_bحالات وتطبيقات عملية مختلفة /
_c ياسر صالح الفريجات
250 _aطبعة 1
260 _aعمان:
_bدار المناهج,
_c2007
300 _a212 صفحة؛
_bإيضاحات ؛
_c24 سم
504 _aبيبليوغرافيا ص. 211
520 _aيحتوي هذا الكتاب على الوحدات التالية : الوحدة الأولى والتي تم فيها التركيز على الأطار النظري العام للنظام الضريبي موضحا نشأة الضريبة والتطرق الى مفهوم التهرب الضريبي والتهرب الأستثماري أما الوحدة الثانية فتم التركيز فيها على طرق التقدير الضريبي وطرق التحصيل الضريبي أما الوحدة الثالثة مفهوم الأرباح الضريبية أضافة الى أهم المفاهيم المرتبطة بالدخل اضافة الى حالات عملية وأسئلة في نهاية كل فصل.
653 _aالضرائب
653 _aمحاسبة ضريبية
942 _cكتاب
999 _c41883
_d41883